Dopad začleňování ČR do EU na regulaci a ochranu hospodářské soutěže

Regulačná politika a ochrana hospodárskej súťaže vo vzťahu k procesu pristupovania k EÚ. Harmonizovanie českého právneho rámca s právom európskym ovplyvnilo v podstate všetky ekonomické subjekty. Dopad zmeny súťažného práva, konkrétne Zákona o hospodárskej súťaži. Tiež ďalšie regulačné orgány - Česk...

Description complète

Enregistré dans:
Détails bibliographiques
Auteur principal: Paleta, Tomáš
Format: Chapitre de livre
Langue:tchèque
Sujets:
Tags: Ajouter un tag
Pas de tags, Soyez le premier à ajouter un tag!

MARC

LEADER 00000naa$a2200000$$$4500
001 0039909
005 20231103101310.9
041 0 |a cze 
044 |a SK 
245 1 0 |a Dopad začleňování ČR do EU na regulaci a ochranu hospodářské soutěže  |c Tomáš Paleta 
520 |a Regulačná politika a ochrana hospodárskej súťaže vo vzťahu k procesu pristupovania k EÚ. Harmonizovanie českého právneho rámca s právom európskym ovplyvnilo v podstate všetky ekonomické subjekty. Dopad zmeny súťažného práva, konkrétne Zákona o hospodárskej súťaži. Tiež ďalšie regulačné orgány - Český telekomunikačný úrad, Česká centrálna banka a Energetický regulačný úrad museli podniknúť prípravy na odlišný regulačný režim v EÚ. Analýza a popis chovania regulátorov a regulovaných v rokoch, ktoré predchádzali vstupu do EÚ. 
610 2 0 |a Česko 
610 2 0 |a Európska únia 
610 2 0 |a aproximácia práva 
610 2 0 |a súťaž hospodárska 
610 2 0 |a regulácia 
610 2 0 |a ochrana súťaže hospodárskej 
100 1 |a Paleta, Tomáš